Euroopan lippujen värit kartalla - Statistics

Yleistilastot
  • Tätä visaa on pelattu 327 kertaa
    321 viimeisimmän päivityksen jälkeen
  • Keskiarvotulos 95 / 143
Vastaukset kartalla
Vastauksille on annettu kartalla punavihreä väri sen mukaan, kuinka moni on saanut sen oikein.
 
Vastaustilastot
Country Color % Oikein
Russia valkoinen
97%
Russia punainen
95%
Russia sininen
95%
France sininen
93%
France valkoinen
93%
France punainen
92%
Germany musta
91%
Italy vihreä
91%
Germany kulta
90%
Italy punainen
90%
Germany punainen
90%
Italy valkoinen
90%
Ukraine keltainen
86%
Ukraine sininen
86%
Belgium musta
85%
Switzerland valkoinen
85%
Belgium keltainen
84%
Belgium punainen
84%
Austria punainen
84%
Switzerland punainen
84%
Poland punainen
84%
Czech Republic sininen
84%
Austria valkoinen
84%
Poland valkoinen
84%
Czech Republic punainen
83%
Czech Republic valkoinen
83%
Netherlands punainen
81%
Hungary punainen
81%
Netherlands sininen
81%
Finland sininen
81%
Netherlands valkoinen
81%
Finland valkoinen
81%
Sweden keltainen
80%
Norway punainen
80%
Greece sininen
80%
Sweden sininen
80%
Norway sininen
80%
Greece valkoinen
80%
Norway valkoinen
80%
Hungary vihreä
80%
Ireland oranssi
79%
United Kingdom punainen
79%
Denmark punainen
79%
Iceland punainen
79%
United Kingdom sininen
79%
Iceland sininen
79%
Hungary valkoinen
79%
United Kingdom valkoinen
79%
Ireland valkoinen
79%
Denmark valkoinen
79%
Iceland valkoinen
79%
Ireland vihreä
79%
Estonia musta
78%
Estonia sininen
78%
Estonia valkoinen
78%
Romania keltainen
77%
Romania punainen
77%
Romania sininen
77%
Bulgaria valkoinen
77%
Latvia karmiininpunainen
76%
Bulgaria punainen
76%
Latvia valkoinen
76%
Bulgaria vihreä
76%
Lithuania keltainen
73%
Lithuania punainen
73%
Belarus punainen
73%
Luxembourg vaaleansininen
73%
Luxembourg valkoinen
73%
Slovakia valkoinen
73%
Lithuania vihreä
73%
Luxembourg punainen
72%
Slovakia sininen
72%
Belarus vihreä
72%
Albania musta
71%
Slovakia punainen
71%
Albania punainen
71%
Belarus valkoinen
70%
Kosovo sininen
69%
Bosnia and Herzegovina keltainen
68%
North Macedonia keltainen
68%
Kosovo kulta
68%
North Macedonia punainen
68%
Bosnia andHerzegovina sininen
68%
Bosnia and Herzegovina valkoinen
67%
Slovenia punainen
66%
Slovenia sininen
66%
Kosovo valkoinen
66%
Slovenia valkoinen
66%
Montenegro punainen
65%
Croatia punainen
65%
Spain keltainen
64%
Spain punainen
64%
Croatia sininen
64%
Croatia valkoinen
64%
Montenegro kulta
63%
Slovenia keltainen
60%
Montenegro sininen
60%
Serbia punainen
59%
Serbia sininen
58%
Serbia valkoinen
57%
Serbia kulta
55%
Moldova punainen
55%
Moldova sininen
55%
Moldova keltainen
54%
Montenegro vihreä
54%
Portugal punainen
52%
Portugal vihreä
52%
Monaco punainen
50%
Malta punainen
50%
Monaco valkoinen
50%
Malta valkoinen
50%
Portugal keltainen
47%
Croatia keltainen
46%
Andorra punainen
46%
Andorra sininen
45%
Andorra keltainen
44%
Vatican City keltainen
44%
Spain kulta
44%
Croatia musta
44%
San Marino vaaleansininen
44%
San Marino valkoinen
44%
Vatican City valkoinen
44%
Portugal valkoinen
43%
Croatia vaaleansininen
42%
Liechtenstein punainen
41%
Liechtenstein sininen
41%
Liechtenstein keltainen
40%
Portugal sininen
40%
Moldova ruskea
39%
Malta musta
38%
Moldova vihreä
38%
Spain sininen
36%
Spain beige
35%
Spain vihreä
35%
Spain harmaa
34%
San Marino keltainen
33%
Andorra ruskea
33%
San Marino vihreä
31%
Spain tummanpunainen
29%
Spain valkoinen
28%
Vatican City punainen
27%
Spain vaaleanpunainen
26%
Vatican City harmaa
25%
Ehtoja vastaavia visoja ei löytynyt
Tulosjakauma
Jokaisen tuloksen saaneiden osuus
Persentiili vastausten määrän mukaan
Tuloshistoriasi
Et ole pelannut tätä visaa sen viimeisimmän päivityksen jälkeen